Kluby piłkarskie z La Ligi - Statystyki

Ogólne statystyki
  • Ten quiz został rozwiązany 141 razy
  • Średni wynik to 10 z 20
Statystyki odpowiedzi
# Kluby % Poprawnych
1 Real Madryt
100%
2 FC Barcelona
97%
4 Atletico Madryt
86%
9 Valencia
60%
7 Real Betis
59%
13 Sevilla
59%
6 Real Sociedad
57%
3 Girona FC
52%
5 Athletic Bilbao
48%
8 Villarreal
48%
12 Getafe
43%
15 Las Palmas
42%
17 Mallorca
38%
10 Deportivo Alaves
33%
11 Osasuna
33%
20 Almeria
32%
19 Granada
31%
14 Celta Vigo
29%
18 Cadiz
26%
16 Rayo Vallecano
26%
Nie znaleziono quizów pasujących do podanych kryteriów
Rozkład punktacji
Procent ludzi z każdym wynikiem
Percentyl według liczby udzielonych odpowiedzi
Twoja historia wyników
Nie rozwiązałeś tego quizu